00354cam a22001097a 4500008004000000082001700040100002300057245007700080260004400157300001000201650003300211180718b1961 xxu||||| |||| 00| 0 eng d aB142x54 C393 aChaudhari, Roop L. aHindu women's right of property (past and present)cby Roop L. Chaudhari aCalcuttabFirma K.L. Mukhopadhyayc1961 a156p. aWomen - Legalstatus - India.